000
00207 a2200085 4500
020
_a
0798151153
100
_a
De Kock, Helene
_9
67844
245
_a
SOMERSNEEU
999
_c
752845
_d
752844
942
_w
217
_x
Zama Mkhatshwa
_y
_z
CRON CRON